000 01032nam a2200253 a 4500
001 65483
003 BD-RjUL
005 20211209081430.0
008 170307s1979 bg a|||| |||| 00| 0 ben d
020 _c Tk. : 30.00
035 _a(BD-RjUL)65613
040 _aBD-RjUL
_bben
_cBD-RjUL
041 _aben
082 _223
_a954.14092
_bAHB 1979
100 1 _aআহ্‌মদ, কামরুদ্দীন.
_9170375
245 1 0 _aবাংলার এক মধ্যবিত্তের আত্নকাহিনী /
_cকামরুদ্দীন আহ্‌মদ.
260 _aঢাকা :
_bজোবেদা খানম,
_c১৯৭৯.
300 _a[৭], ৮৩৯ পৃ :
_bচিত্র ;
_c২২ সেমি.
600 _aআহ্‌মদ, কামরুদ্দীন
_xআত্নজীবনী
_9229399
600 _aAhmad, Kamruddin
_xAutobiography
_9229400
651 _aকলিকাতা
_xইতিহাস
_9193786
651 _aCalcutta
_xHistory
_9193787
942 _2ddc
_cBK
999 _c65483
_d65483